El judaizante Rafael Gil Rodríguez y el declive de la Inquisición : Nueva España, siglo XVIII /

Estudio biográfico referente a Rafael Crisanto Gil Rodríguez, originario de Guatemala y descendiente de judíos portugueses, preso por la Inquisición acusado de hereje y judaizante; fue uno de los treinta y nueve presos liberados una vez extinguido el Tribunal del Santo Oficio en la Nueva España. La...

Ausführliche Beschreibung

Gespeichert in:
Bibliographische Detailangaben
1. Verfasser: Hamui Sutton, Silvia (autor)
Format: Buch
Sprache:Spanisch
Veröffentlicht: México : Universidad Iberoamericana, Plantel Santa Fe, Departamento de Historia, 2020, c2020
Schriftenreihe:(Historia Cultural)
Schlagworte:
Tags: Tag hinzufügen
Keine Tags, Fügen Sie das erste Tag hinzu!

MARC

LEADER 00000nam^a2200000^a^4500
001 000434904
005 20250521000000.0
009 20260310123117.109
020 |a 978-607-417-737-4 
037 |a Acervo ITESO - Biblioteca 
041 |a ESP 
082 |a 972. 03  |b HAM 
100 |a Hamui Sutton, Silvia  |e (autor) 
245 1 3 |a El judaizante Rafael Gil Rodríguez y el declive de la Inquisición :  |b Nueva España, siglo XVIII /  |c S. Hamui Sutton. 
264 4 |a México :  |b Universidad Iberoamericana, Plantel Santa Fe, Departamento de Historia,  |c 2020, c2020 
300 |a 428 p. 
336 |a texto  |b txt  |2 rdacontenido 
337 |a sin mediación  |b n  |2 rdamedio 
338 |a volumen  |b nc  |2 rdasoporte 
440 1 |a (Historia Cultural) 
520 |a Estudio biográfico referente a Rafael Crisanto Gil Rodríguez, originario de Guatemala y descendiente de judíos portugueses, preso por la Inquisición acusado de hereje y judaizante; fue uno de los treinta y nueve presos liberados una vez extinguido el Tribunal del Santo Oficio en la Nueva España. La figura de Gil Rodríguez es notoria no solo por su estatura física -se apunta que era enorme-, sino por sus francos cuestionamientos en materia científica y religiosa, así como por sus contribuciones a la literatura de la época. 
649 |a XX 
650 |a Presos 
650 |a Conversos Judíos -  |x Biografías 
650 |a Inquisición -  |z México -  |x Historia -  |y Epoca Colonial, 1517-1821 -  |x Tema Principal 
650 |a Literatura Mexicana -  |y Virreinato, 1535-1821 -  |x Historia y Crítica 
650 |a Ciencia -  |z México -  |x Historia -  |y Virreinato, 1535-1821 
650 |a Religión -  |z México -  |x Historia -  |y Virreinato, 1535-1821 
650 |a México -  |x Historia -  |y Virreinato, 1535-1821 
650 |a Gil Rodíguez, Rafaél Crisanto -  |x Tema Principal 
910 |a Fondo General 
920 |a Impresos - Libros 
930 |a Colección General 
905 |a 101 
901 |a 0500355310  |b IT1  |c ACC  |i D127368  |u 20250521 
902 |a https://opac.biblio.iteso.mx/vufind/Record/000434904